[Event "82nd Tata Steel Masters 2020"]
[Site "Wijk aan Zee"]
[Date "2020.01.25"]
[Round "12.6"]
[White "Dubov, Daniil"]
[Black "Yu, Yangyi"]
[Result "1-0"]
[WhiteElo "2683"]
[BlackElo "2726"]
[Annotator "TA"]
[PlyCount "61"]
[EventDate "2020.01.11"]
[EventType "tourn"]
[EventCountry "NED"]
[SourceTitle "playchess.com"]
[Source "ChessBase"]
[SourceQuality "1"]

{[%evp 14,61,34,12,25,24,28,23,24,14,29,0,48,43,56,25,25,25,30,35,104,104,113,118,134,134,131,133,225,98,145,150,136,145,147,138,139,70,188,190,282,272,271,255,291,277,375,375,525,537]} 1. d4 d5 2. c4 c6 3. Nf3 Nf6 4. Nc3 e6 5. Bg5 h6 6. Bxf6 Qxf6 7. e3 Nd7 8. Be2 Bb4 {D43: Semi-Slav: 5 Bg5 h6} (8... dxc4 9. Nd2 e5 10. Nxc4 exd4 11. exd4 Nb6 12. O-O Be7 13. d5 Nxd5 14. Nxd5 cxd5 15. Ne3 Be6 16. Nxd5 Bxd5 17. Qxd5 {½-½ (31) Riazantsev,A (2645)-Matlakov,M (2716) Douglas 2019}) 9. O-O O-O 10. Qc2 Bxc3 {White has an edge.} 11. Qxc3 dxc4 12. Rfd1 $146 ({Predecessor:} 12. Bxc4 Nb6 13. Rac1 Bd7 14. Bb3 Rfd8 15. e4 Qf4 16. Rfe1 Be8 17. a3 Rac8 18. Qa5 Qc7 19. Qh5 Qd6 20. Qh4 {½-½ (44) Martin,A-Fischdick,G (2180) London 1983}) 12... c5 13. Bxc4 a6 14. Qa3 b6 15. Bb5 Rd8 16. Bc6 Ra7 {[#]} (16... Rb8 $1 $14) 17. dxc5 $1 $16 Nxc5 18. Qb4 Nd7 19. Qd6 {And now Ne5! would win.} Rf8 20. Rd2 ({Much less strong is} 20. Bxd7 Rxd7 21. Qxb6 Rb7 $11) 20... Nc5 {[#]} (20... b5 $16 21. Rad1 e5) 21. Rad1 (21. Qb8 $1 $18 {[%cal Rb8a7] has better winning chances.} Rb7 22. Bxb7 Bxb7 23. Qe5) 21... Qe7 22. b4 $36 {[%mdl 2048] White has strong initiative.} Qxd6 23. Rxd6 Nb7 24. R6d2 f6 25. h4 (25. a3 $16) 25... h5 (25... a5 $14) 26. Be4 $18 e5 (26... a5 {was called for.} 27. Rc2 f5) 27. Rc1 Ra8 28. Rc6 b5 29. Rb6 Kh8 30. Rc2 ({Less strong is} 30. Bxb7 Rb8 $18) ({Not} 30. Rxb7 Bxb7 31. Bxb7 Ra7 $18) 30... Rf7 {[#]} 31. Rxa6 $1 {[%mdl 512] Accuracy: White = 64%, Black = 36%.} 1-0

[Event "82nd Tata Steel Masters 2020"]
[Site "Wijk aan Zee"]
[Date "2020.01.25"]
[Round "12.7"]
[White "Anand, Viswanathan"]
[Black "Kovalev, Vladislav"]
[Result "1/2-1/2"]
[WhiteElo "2758"]
[BlackElo "2660"]
[Annotator "TA"]
[PlyCount "39"]
[EventDate "2020.01.11"]
[EventType "tourn"]
[EventCountry "NED"]
[SourceTitle "playchess.com"]
[Source "ChessBase"]
[SourceQuality "1"]

{[%evp 13,39,41,47,44,41,13,21,8,29,-17,6,3,9,0,39,25,31,31,37,19,20,18,16,39,40,18,36,0]} 1. e4 e5 2. Nf3 Nc6 3. Bb5 Nd4 4. Nxd4 exd4 5. O-O Bc5 6. d3 c6 7. Ba4 d6 8. Nd2 {C61: Ruy Lopez: Bird's Defence} Nf6 9. f4 (9. h3 g5 10. e5 dxe5 11. Nf3 e4 12. Nxg5 Rg8 13. Bb3 e3 14. Bxf7+ Ke7 15. Bxg8 Qxg8 {½-½ (47) Efimenko,Z (2654)-Sokolov,I (2657) Kragujevac 2009}) 9... O-O 10. Bb3 {The position is equal.} d5 11. Kh1 Re8 $146 ({Predecessor:} 11... Ng4 12. Nf3 dxe4 13. dxe4 d3 14. Qe1 Be6 15. h3 Bxb3 16. axb3 {1-0 (82) Aronin,L-Lisitsin,G Leningrad 1956}) 12. e5 Ng4 {[#] White must now prevent ...a5.} 13. Nf3 f6 (13... a5 $5 {[%cal Ra5a4]} 14. a4 h5 $11) 14. h3 Nh6 15. c3 Nf5 16. Qe1 fxe5 17. fxe5 {aiming for g4.} Rf8 18. Bg5 Be7 19. Bxe7 Qxe7 20. Nxd4 {Accuracy: White = 59%, Black = 66%.} 1/2-1/2

[Event "82nd Tata Steel Masters 2020"]
[Site "Wijk aan Zee"]
[Date "2020.01.26"]
[Round "13.1"]
[White "So, Wesley"]
[Black "Carlsen, Magnus"]
[Result "1/2-1/2"]
[WhiteElo "2765"]
[BlackElo "2872"]
[Annotator "TA"]
[PlyCount "103"]
[EventDate "2020.01.11"]
[EventType "tourn"]
[EventCountry "NED"]
[SourceTitle "playchess.com"]
[Source "ChessBase"]
[SourceQuality "1"]

{[%evp 16,103,4,-6,9,3,9,11,10,7,10,4,8,5,4,5,6,6,6,6,6,2,6,6,6,4,4,0,0,0,4,0,5,4,10,5,5,5,5,0,0,0,0,0,0,0,0,0,0,0,0,0,0,0,0,0,0,0,0,0,0,0,0,0,0,0,0,0,0,0,0,0,0,0,0,0,0,0,0,0,0,0,0,0,0,0,0,0,0,0]} 1. e4 e5 2. Nf3 Nc6 3. Nc3 Nf6 4. d4 exd4 5. Nxd4 Bb4 6. Nxc6 bxc6 7. Bd3 d5 8. Bd2 O-O 9. O-O {The position is equal.} Bxc3 {C47: Scotch Four Knights and Four Knights with 4 g3} (9... Re8 10. Re1 Rb8 11. a3 Bd6 12. h3 Bd7 13. b4 a5 14. exd5 Rxe1+ 15. Bxe1 axb4 16. dxc6 Bxc6 17. axb4 Bxb4 {½-½ (25) Karjakin,S (2754)-So,W (2760) Bucharest 2019}) 10. Bxc3 dxe4 11. Bxf6 Qxf6 12. Bxe4 Qxb2 13. Bxc6 Rb8 14. Rb1 Qxb1 15. Qxb1 Rxb1 16. Rxb1 $11 {[%mdl 4096] Endgame KRB-KRB} Rd8 {[#]} 17. Bf3 $146 ({Predecessor:} 17. f3) 17... Kf8 18. Rb8 Re8 {[%cal Re8e1] [#]} 19. h4 Ba6 20. Rb3 Be2 21. Bxe2 Rxe2 {KR-KR} 22. Rc3 Re7 23. f3 Ke8 24. Kf2 Kd7 25. Ra3 Re5 26. Rxa7 Rc5 27. Ke3 Rxc2 28. g4 h5 29. gxh5 Rc4 30. Ra5 Rxh4 31. Rg5 Ke6 32. Rc5 Ra4 33. h6 gxh6 34. Rxc7 Kf6 35. Rc6+ Kg7 36. Rc2 Kg6 37. Kf2 h5 38. Kg3 Kg5 39. Rc7 h4+ 40. Kh3 f5 41. Rh7 Rc4 42. Rh8 Rc1 43. a3 {[%cal Ba2a3,Ba3a4][%mdl 32]} Kf4 44. Rh5 Ra1 45. a4 Ra2 46. Rxh4+ Kxf3 {White must now prevent ...f4.} 47. Rb4 f4 (47... Re2 {feels hotter.} 48. Rb3+ Kf4 49. Ra3 Re3+ 50. Rxe3 Kxe3 51. a5 f4) 48. Rb3+ Kf2 49. Kg4 Rxa4 50. Rf3+ Kg2 51. Rxf4 Rxf4+ 52. Kxf4 {Accuracy: White = 92%, Black = 70%.} 1/2-1/2

[Event "82nd Tata Steel Masters 2020"]
[Site "Wijk aan Zee"]
[Date "2020.01.26"]
[Round "13.2"]
[White "Kovalev, Vladislav"]
[Black "Vitiugov, Nikita"]
[Result "1/2-1/2"]
[WhiteElo "2660"]
[BlackElo "2747"]
[Annotator "TA"]
[PlyCount "35"]
[EventDate "2020.01.11"]
[EventType "tourn"]
[EventCountry "NED"]
[SourceTitle "playchess.com"]
[Source "ChessBase"]
[SourceQuality "1"]

{[%evp 11,35,4,31,0,4,0,0,0,0,0,0,0,0,0,0,0,0,0,0,0,0,-6,-2,-13,-15,-15]} 1. e4 e6 2. d4 d5 3. Nd2 c5 4. Ngf3 cxd4 5. Nxd4 Nf6 6. exd5 Nxd5 7. Ne4 {C07: French Tarrasch: 3...c5, 4 Ngf3 and 4 exd5 Qxd5} (7. N2f3 Bb4+ 8. Bd2 O-O 9. c3 Bd6 10. Bd3 Nd7 11. O-O a6 12. Re1 N7f6 13. c4 Nf4 14. Bc2 b6 {½-½ (67) Navara,D (2734)-Svane,R (2615) Riga 2019}) 7... Be7 {The position is equal.} 8. Bb5+ Bd7 9. c4 Nf6 10. Nxf6+ $146 ({Predecessor:} 10. Nc3 O-O 11. O-O Qc7 12. Qe2 Nc6 13. Nf3 Rfe8 14. Bg5 Ng4 15. Bxe7 Nd4 {0-1 (15) Johner,P-Tartakower,S Berlin 1928}) 10... Bxf6 11. O-O O-O 12. Be3 a6 13. Bxd7 $1 Qxd7 14. Rc1 Rd8 {[%cal Rf6d4]} 15. Qf3 Nc6 16. Nxc6 Qxc6 17. Qxc6 bxc6 18. b3 1/2-1/2

[Event "82nd Tata Steel Masters 2020"]
[Site "Wijk aan Zee"]
[Date "2020.01.26"]
[Round "13.3"]
[White "Duda, Jan-Krzysztof"]
[Black "Anand, Viswanathan"]
[Result "1/2-1/2"]
[WhiteElo "2758"]
[BlackElo "2758"]
[Annotator "TA"]
[PlyCount "45"]
[EventDate "2020.01.11"]
[EventType "tourn"]
[EventCountry "NED"]
[SourceTitle "playchess.com"]
[Source "ChessBase"]
[SourceQuality "1"]

{[%evp 16,45,9,8,21,22,10,14,20,0,12,8,15,0,0,0,0,0,16,16,16,14,9,9,30,34,40,22,29,22,38,24]} 1. c4 Nf6 2. Nc3 e6 3. e4 d5 4. e5 d4 5. exf6 dxc3 6. bxc3 Qxf6 7. Nf3 b6 8. d4 Bb7 9. Bd3 {next Bg5 is good for White.} Bxf3 {A18: English Opening: Flohr-Mikenas System (1 c4 Nf6 2 Nc3 e6 3 e4)} 10. Qxf3 (10. gxf3 Nd7 11. Be4 Rd8 12. h4 h6 13. Qa4 Bd6 14. Qxa7 e5 15. Be3 exd4 16. cxd4 O-O 17. Rd1 {½-½ (61) Fedoseev,V (2664)-Harikrishna,P (2746) Khanty-Mansiysk 2019}) 10... Qxf3 11. gxf3 Nd7 {The position is equal.} 12. Rb1 $146 ({Predecessor:} 12. a4 Bd6 13. a5 O-O 14. O-O Rad8 15. Be3 Nf6 16. Rfb1 h6 17. Bf1 {1-0 (50) Batsiashvili,N (2453)-Babiy,O (2289) Antalya 2019}) 12... Bd6 13. Be4 Rd8 14. f4 c5 15. Ke2 Rc8 16. Bd3 f5 17. a4 Kf7 18. Be3 Rc7 19. Rb5 Be7 20. a5 Rd8 21. Ra1 g6 22. axb6 axb6 23. Ra4 {Accuracy: White = 66%, Black = 68%.} 1/2-1/2

[Event "82nd Tata Steel Masters 2020"]
[Site "Wijk aan Zee"]
[Date "2020.01.26"]
[Round "13.4"]
[White "Artemiev, Vladislav"]
[Black "Caruana, Fabiano"]
[Result "0-1"]
[WhiteElo "2731"]
[BlackElo "2822"]
[Annotator "TA"]
[PlyCount "132"]
[EventDate "2020.01.11"]
[EventType "tourn"]
[EventCountry "NED"]
[SourceTitle "playchess.com"]
[Source "ChessBase"]
[SourceQuality "1"]

{[%evp 20,132,0,0,8,5,2,5,3,-14,-7,-11,-9,-12,-15,-21,-20,-21,-12,-16,-16,-16,-10,-31,-23,-29,-34,-51,-32,-41,-66,-45,-15,-56,-67,-99,-16,-16,-14,-14,-14,-14,-14,-14,-13,-11,0,-22,-7,-20,-8,-14,-13,-122,-119,-117,-114,-103,-119,-112,-112,-112,-112,-100,0,0,0,-25,-27,-268,-24,-24,-24,-24,-8,-8,0,-237,0,-5008,-4462,-4116,-4186,-4826,-6654,-4487,-2720,-5680,-1475,-1583,-2364,-29979,-29980,-29980,-29981,-29981,-29982,-29982,-29983,-29983,-29984,-29984,-29985,-29985,-29986,-29986,-29987,-29987,-29988,-29988,-29989,-29989,-29990,-29992,-29993]} 1. Nf3 d5 2. g3 Nd7 3. c4 dxc4 4. Qa4 a6 5. Qxc4 b5 6. Qc2 Bb7 7. Bg2 Ngf6 8. O-O e6 9. d3 Be7 10. a4 c5 11. Nc3 Qb6 {A13: English Opening: 1...e6} 12. axb5 axb5 13. Rxa8+ Bxa8 {The position is equal.} 14. Bg5 O-O 15. Ra1 h6 16. Bxf6 Bxf6 {[#]} 17. Nd2 $146 ({Predecessor:} 17. Qb3 c4 18. dxc4 bxc4 19. Qxb6 Nxb6 20. Nd2 Rd8 21. Nxc4 Nxc4 22. Rxa8 Rxa8 23. Bxa8 Nxb2 {½-½ (23) Matsenko,S (2531)-Nyzhnyk,I (2613) New York 2017}) 17... Bxg2 18. Kxg2 Rc8 19. Qb3 Rb8 20. Nce4 Be7 21. Kg1 f5 22. Nc3 Ne5 23. h3 h5 24. Nf3 Nxf3+ 25. exf3 Bf6 26. Re1 Kf7 $1 27. Ne2 g5 (27... h4 $17 28. g4 g6) 28. g4 $1 $11 {[%cal Rg4f5]} hxg4 29. hxg4 fxg4 30. fxg4 Qd6 31. Ng3 Qd5 32. Qc2 Bd4 33. Qe2 Rh8 34. Ne4 Qe5 35. Qf3+ $1 Kg7 36. b3 (36. Re2 $11 {keeps the balance.}) 36... Rf8 $1 $40 {[%cal Rf8f3][%mdl 128] Black attacks with force.} 37. Qe2 Qd5 $1 38. Rf1 Kg6 $1 39. Qd1 c4 40. bxc4 bxc4 {Hoping for ...Bb6.} 41. Kg2 Ba7 (41... Rf4 $1 $17 {aiming for ...Bxf2!} 42. f3 c3) 42. f3 $11 cxd3 {Threatens to win with ...Rc8.} 43. Qa1 Be3 44. Rd1 $2 (44. Qe1 $1 $11 {and White is okay.} Qd4 45. Qa1) 44... Qc4 $2 ({Black should try} 44... Qb3 $1 $19 {[%cal Rb3c2] ...Qc2+ is the strong threat.} 45. Nd2 Qc2 $1 {[%mdl 512]}) 45. Qc3 $1 {[%cal Rc3c4]} Qa2+ 46. Nd2 {[#]} Qc2 $1 47. Qe5 Bxd2 $2 (47... Re8 $11 48. Qe4+ Kf7 49. Qxe3 Qxd1 50. Qxd3 Qa1) 48. Qxe6+ $19 Kg7 49. Qe7+ $2 {[%mdl 8192]} (49. Qd7+ $11 Rf7 50. Qd4+ Kg6 51. Qe4+ Kf6 52. Qf5+ Ke7 53. Qe5+ Kd7 54. Qb5+ Kc7 55. Qe5+ Kc6 56. Qe6+ Kc5 57. Qe5+ Kc4 58. Qe4+ Kb3 59. Kh3 Qxd1 60. Qxd3+ Kb2 61. Qd4+ Kb1 62. Qd3+ Qc2 63. Qb5+ Kc1 64. Qf1+ Kb2 65. Qb5+ Ka3 66. Qa6+ Kb2 67. Qb5+ Ka3 68. Qa6+ Kb4 69. Qb6+ Ka4 70. Qd4+ Bb4 71. Qe4 Rh7+ 72. Qxh7 Qxh7+ 73. Kg3 Be1+ 74. Kg2 Qc2+ 75. Kg1 Bg3 76. f4 Qh2+ 77. Kf1 Qf2#) 49... Rf7 50. Qe5+ Kf8 $1 51. Qb8+ Ke7 $1 52. Qe5+ Kd8 53. Qb8+ Kd7 $1 54. Qb7+ {[#]} Kd6 $1 {( -> ...Bf4+)} 55. Qb6+ Ke5 {Black mates.} 56. Qb5+ Kd4 57. Qb6+ {[#]} Kc4 $1 58. Qe6+ Kc3 59. Qe5+ Kb3 60. Qd5+ Kb2 61. Qb5+ Bb4+ $1 62. Kg3 Qxd1 63. Qxb4+ {[#]} Qb3 $1 64. Qd2+ Kb1 65. Qe1+ Kc2 66. Qf2+ d2 {Accuracy: White = 60%, Black = 66%.} 0-1

[Event "82nd Tata Steel Masters 2020"]
[Site "Wijk aan Zee"]
[Date "2020.01.26"]
[Round "13.5"]
[White "Giri, Anish"]
[Black "Van Foreest, Jorden"]
[Result "1/2-1/2"]
[WhiteElo "2768"]
[BlackElo "2644"]
[Annotator "TA"]
[PlyCount "109"]
[EventDate "2020.01.11"]
[EventType "tourn"]
[EventCountry "NED"]
[SourceTitle "playchess.com"]
[Source "ChessBase"]
[SourceQuality "1"]

{[%evp 9,109,0,25,23,25,28,24,26,28,29,29,28,32,29,32,29,18,10,29,21,12,20,26,15,33,-20,-11,-11,-12,-25,0,0,0,-40,-21,-41,0,0,0,0,0,0,0,0,64,66,37,41,40,40,61,57,64,61,82,51,58,58,58,58,58,58,98,58,58,58,58,58,58,58,58,58,58,0,58,0,58,58,58,58,58,58,58,0,0,0,0,0,0,0,0,0,0,0,0,0,0,0,0,0,0,0]} 1. d4 d5 2. c4 c6 3. cxd5 cxd5 4. Bg5 Nc6 5. Nc3 Nf6 (5... f6 {is more complex.} 6. Bd2 Bf5 7. e3 e6 8. Nf3 Bd6) 6. Bxf6 {D10: Slav Defence: 3 cxd5 (without early Nf3) and 3 Nc3} gxf6 7. e3 e6 8. Bd3 {White has an edge.} Bd6 (8... f5 9. Nge2 Bd7 10. Rc1 Rc8 11. O-O Bg7 {½-½ (62) Harikrishna,P (2724)-Karjakin,S (2754) Jerusalem 2019}) 9. Nf3 f5 10. g3 Bd7 11. O-O Rc8 12. Rc1 O-O 13. a3 $146 ({Predecessor:} 13. Kh1 Kh8 {0-1 (75) Johnson,D (2212)-Pantzar,M (2357) Eskilstuna 2019}) 13... Kh8 14. Qe2 Rg8 15. Kh1 Na5 16. Nd2 Qb6 17. b4 (17. Rc2 $14) 17... Nc4 $1 $11 {[%cal Rc4a3]} 18. Bxc4 dxc4 19. Kg1 Qa6 20. Ra1 b5 21. Nf3 (21. a4 $5) 21... Qb6 22. e4 a5 23. exf5 $1 axb4 24. fxe6 Bxe6 25. axb4 Bg4 26. Qe3 Rce8 ({Better is} 26... f6 $11 27. d5 Qxe3 28. fxe3 Bxb4 29. Nxb5 Bc5) 27. Ne5 $14 Bxe5 28. dxe5 Qxe3 29. fxe3 Bh5 30. Nxb5 {Black must now prevent Nd6.} Rxe5 31. Nd6 Rxe3 32. Nxf7+ Bxf7 33. Rxf7 {[%mdl 4096] Endgame aiming for Raa7. KRR-KRR} Re2 $1 34. Rc7 Rd8 35. Rxc4 {And now Rc7 would win.} Rb2 $1 36. Rc7 {Strongly threatening Rb7.} Rxb4 37. Raa7 h5 38. Rh7+ Kg8 39. Rxh5 Rb2 {[%cal Rd8d1] [#]} 40. Rg5+ Kh8 {[%cal Rd8d1]} 41. Rh5+ Kg8 {[%cal Rd8d1]} 42. Rg5+ Kh8 {[%cal Rd8d1]} 43. Ra1 Rdd2 44. Rh5+ $1 Kg7 45. Kh1 Rf2 46. g4 ({White should play} 46. Rc1 $14) 46... Kg6 {The position is equal.} 47. Rg1 Rb8 48. Rh3 Kg5 49. Rhg3 Rbb2 {[%csl Gb2][%cal Rf2h2] [#]} 50. Rh3 Rb8 51. Rh7 Kg6 52. Rh5 Rc8 53. Ra1 {Threatens to win with Rb5.} Rcc2 54. Ra6+ Kg7 {[%cal Rf2f1]} 55. Rg5+ {Accuracy: White = 47%, Black = 78%.} 1/2-1/2

[Event "82nd Tata Steel Masters 2020"]
[Site "Wijk aan Zee"]
[Date "2020.01.26"]
[Round "13.6"]
[White "Firouzja, Alireza"]
[Black "Dubov, Daniil"]
[Result "1/2-1/2"]
[WhiteElo "2723"]
[BlackElo "2683"]
[Annotator "TA"]
[PlyCount "31"]
[EventDate "2020.01.11"]
[EventType "tourn"]
[EventCountry "NED"]
[SourceTitle "playchess.com"]
[Source "ChessBase"]
[SourceQuality "1"]

{[%evp 9,31,-7,12,15,24,17,38,37,20,33,44,12,13,25,25,29,20,20,20,19,14,17,23,24]} 1. d4 d5 2. Nf3 Nf6 3. Bf4 c5 4. e3 Nc6 5. Nbd2 Nh5 (5... cxd4 6. exd4 Qb6 7. Nb3 Bf5 8. Be2 e6 9. O-O Be7 10. a4 a6 11. a5 Qd8 12. Ne5 Rc8 {1-0 (41) Carlsen,M (2872)-Kramnik,V (2753) Moscow 2019}) 6. dxc5 {D02: 1 d4 d5 2 Nf3 sidelines, including 2...Nf6 3 g3 and 2...Nf6 3 Bf4} Nxf4 7. exf4 g6 8. c3 {White is slightly better.} Bg7 $146 ({Predecessor:} 8... Qc7 9. Nb3 Qxf4 10. Qxd5 Be6 11. Qg5 Qe4+ 12. Qe3 Qxe3+ 13. fxe3 {1-0 (20) Doderer,H (2248)-Kazmins,G (2080) ICCF email 2010}) 9. Bb5 O-O 10. O-O d4 11. Bxc6 {[#] And now Be4 would win.} dxc3 12. Be4 {Strongly threatening bxc3.} cxd2 13. Qxd2 Qxd2 14. Nxd2 Bxb2 15. Rab1 Ba3 16. c6 1/2-1/2

[Event "82nd Tata Steel Masters 2020"]
[Site "Wijk aan Zee"]
[Date "2020.01.26"]
[Round "13.7"]
[White "Yu, Yangyi"]
[Black "Xiong, Jeffery"]
[Result "1/2-1/2"]
[WhiteElo "2726"]
[BlackElo "2712"]
[Annotator "TA"]
[PlyCount "66"]
[EventDate "2020.01.11"]
[EventType "tourn"]
[EventCountry "NED"]
[SourceTitle "playchess.com"]
[Source "ChessBase"]
[SourceQuality "1"]

{[%evp 24,66,-6,-8,46,46,37,39,61,29,31,28,64,60,73,71,88,58,56,56,49,47,76,93,68,52,74,71,64,69,67,44,104,104,104,104,97,106,136,136,135,130,110,79,110]} 1. d4 Nf6 2. c4 c5 3. d5 b5 4. Nf3 g6 5. cxb5 a6 6. b6 d6 7. Nc3 Nbd7 8. e4 Bg7 9. Be2 O-O 10. O-O Nxb6 11. a4 Bg4 12. Nd2 Bxe2 13. Qxe2 Qc7 {A57: Benko/Volga Gambit} (13... a5 $11) (13... a5 14. Nc4 Nxc4 15. Qxc4 Qd7 16. Bd2 Ng4 17. Qe2 Rfb8 18. Rab1 Rb4 19. b3 Nf6 20. f3 Rb7 21. Nb5 {½-½ (29) Pascua,H (2368)-Ghaem Maghami,E (2585) Manila 2010}) 14. a5 $14 Nc8 15. Nc4 Nd7 {White is slightly better.} 16. Bd2 $146 ({Predecessor:} 16. Be3 Rb8 17. Qd2 Rb4 18. Qd3 Qb7 19. Ra3 Na7 20. Bc1 Nb5 21. Ra1 Rb3 22. Bd2 Rb8 23. Rab1 Nxc3 {0-1 (23) Benedetto,A-Szmetan,J (2405) Buenos Aires 1998}) 16... Rb8 17. Na4 Qb7 18. Bc3 Na7 19. Nab6 Nc8 {[%cal Rd7b6]} 20. Bxg7 Kxg7 21. b4 Ncxb6 22. axb6 Nxb6 {[#]} 23. Na5 $1 {[%cal Ra5b7]} Qc7 24. Nc6 {Strongly threatening bxc5.} Nd7 25. Nxb8 Rxb8 26. bxc5 Nxc5 27. Rfb1 Qa5 (27... f6 $14) 28. e5 $36 {[%mdl 2048] Keeping Black busy.} Qc3 29. exd6 exd6 30. h3 a5 31. Rxb8 Qxa1+ 32. Kh2 Qd4 33. Ra8 Nd3 {Accuracy: White = 78%, Black = 43%.} 1/2-1/2